01199nam a22002177a 450000500170000000800410001704000070005804100080006508200210007310000150009411000180010924500450012726000390017230000260021152006560023765000130089365000150090665000230092170000170094470000200096120220105145459.0220105b ||||| |||| 00| 0 eng d cAL aeng 223a294.34bYESW aLama Yeshe aZopa Rinpoche aWisdom Energy: Basic Buddhist Teachings  aNew Delhi:bTimeless Books,c1994. a151 p.bPBc21x14 cm. aWisdom Energy is a simple and compelling introduction to Buddhism by two Tibetan lamas renowned for their insight and skill in teaching Westerners. Containing an entire meditation course, it goes to the heart of basic Buddhist practice and discusses the meaning and purpose of meditation, the causes of dissatisfaction and unhappiness, and the methods for subduing them and gaining control over our minds and lives. Originally published in 1976, Wisdom Energy still preserves the power, humor, and directness of the lamas's first teaching tour of North America, giving the reader the feeling of an intimate audience with two highly respected teachers. aHinduism aMeditation aSpiritual Practice aYESHE (Lama) aRINPOCHE (Zopa)